Sociálno-ekonomické aspeky pracovnej mobility v prihraničnom regióne SR-Rakúsko diplomová práca

Na minha lista:
Detalhes bibliográficos
Autor principal: Csöllei, Attila
Autor Corporativo: Národohospodárska fakulta EU. Katedra hospodárskej politiky
Outros Autores: Pongráczová, Eva, 1971-
Formato: Livro
Idioma:eslovaco
Publicado em: Bratislava 2018
Tags: Adicionar Tag
Sem tags, seja o primeiro a adicionar uma tag!

MARC

LEADER 00000nbm a2200000 4500
001 0244190
005 20181114081455.8
041 0 |a slo 
044 |a SK 
245 1 0 |a Sociálno-ekonomické aspeky pracovnej mobility v prihraničnom regióne SR-Rakúsko  |b diplomová práca  |c Attila Csöllei ; školiteľ: Eva Pongrácz 
264 1 |a Bratislava  |c 2018 
300 |a 72 s. 
100 1 |a Csöllei, Attila 
700 1 |a Pongráczová, Eva, 1971- 
710 2 |a Národohospodárska fakulta EU. Katedra hospodárskej politiky